Experimental and theoretical investigations of generation of electromagnetic emission in the vircators; 8th International Conference on High-Power Particle Beams, Novosibirsk, 2-5 July 1990; Vol. 2

Bibliographische Detailangaben
Parent link:8th International Conference on High-Power Particle Beams, Novosibirsk, 2-5 July 1990.— , 1990
Vol. 2.— 1990.— P. 1211-1216
Weitere Verfasser: Grigoryev V. P., Zherlitsin A. G., Koval T. V., Kuznetsov S. I. Sergey Ivanovich, Melnikov G. V., Sablin N. I., Razin S. N., Fomenko G. P., Chumerin P. Y., Yushkov Y. G. Yuri Georgievich, Tsvetkov V. I., Il'in V. P., Privezentsev A. P., Urev M. V., Zaharov V. V.
Zusammenfassung:Present paper represents the results of theoretical and experimental in - vestigation on studying a generation mechanism and improving a radiation efficiency in a virtual cathode triode. It shows the possibility to produce a new type of a high-frequency monochromatic radiation generator with a frequency tuned.
В фонде НТБ ТПУ отсутствует
Sprache:Englisch
Veröffentlicht: 1990
Schlagworte:
Format: MixedMaterials Buchkapitel
KOHA link:https://koha.lib.tpu.ru/cgi-bin/koha/opac-detail.pl?biblionumber=598967

MARC

LEADER 00000naa0a2200000 4500
001 598967
005 20250408090257.0
035 |a (RuTPU)RU\TPU\tpu\22775 
090 |a 598967 
100 |a 20130228d1990 k||y0rusy50 ba 
101 0 |a eng 
102 |a RU 
200 1 |a Experimental and theoretical investigations of generation of electromagnetic emission in the vircators  |f V. P. Grigoryev [et al.] 
330 |a Present paper represents the results of theoretical and experimental in - vestigation on studying a generation mechanism and improving a radiation efficiency in a virtual cathode triode. It shows the possibility to produce a new type of a high-frequency monochromatic radiation generator with a frequency tuned. 
333 |a В фонде НТБ ТПУ отсутствует 
461 |t 8th International Conference on High-Power Particle Beams, Novosibirsk, 2-5 July 1990  |d 1990 
463 |t Vol. 2  |v P. 1211-1216  |d 1990 
610 1 |a труды учёных ТПУ 
701 1 |a Grigoryev  |b V. P. 
701 1 |a Zherlitsin  |b A. G. 
701 1 |a Koval  |b T. V. 
701 1 |a Kuznetsov  |b S. I.  |c physicist  |c associate professor of Tomsk polytechnic university, candidate of technical sciences (PhD)  |f 1952-  |g Sergey Ivanovich  |3 (RuTPU)RU\TPU\pers\30071  |4 070  |9 14491 
701 1 |a Melnikov  |b G. V. 
701 1 |a Sablin  |b N. I. 
701 1 |a Razin  |b S. N. 
701 1 |a Fomenko  |b G. P. 
701 1 |a Chumerin  |b P. Y. 
701 1 |a Yushkov  |b Y. G.  |c electrophysicist  |c Professor of Tomsk Polytechnic University, Doctor of technical sciences  |f 1937-  |g Yuri Georgievich  |3 (RuTPU)RU\TPU\pers\25936  |4 070  |9 11786 
701 1 |a Tsvetkov  |b V. I. 
701 1 |a Il'in  |b V. P. 
701 1 |a Privezentsev  |b A. P. 
701 1 |a Urev  |b M. V. 
701 1 |a Zaharov  |b V. V. 
801 1 |a RU  |b 63413507  |c 20130228 
801 2 |a RU  |b 63413507  |c 20130228  |g RCR 
942 |c BK